Reseña de la economía de los Estados Unidos / (Registro nro. 13102)

Detalles MARC
000 -LEADER
fixed length control field 01198nam a22001937a 4500
003 - CONTROL NUMBER IDENTIFIER
control field DO-SdBNP
005 - DATE AND TIME OF LATEST TRANSACTION
control field 20171124150735.0
008 - FIXED-LENGTH DATA ELEMENTS--GENERAL INFORMATION
fixed length control field 171124b xx a ||||| |||| 00| 0 spa d
040 ## - CATALOGING SOURCE
Original cataloging agency BPMSU
Language of cataloging spa
Transcribing agency BPMSU
092 ## - LOCALLY ASSIGNED DEWEY CALL NUMBER (OCLC)
Classification number xxxx
Item number xxxx
100 1# - MAIN ENTRY--PERSONAL NAME
Personal name McCan, Robert L.
245 10 - TITLE STATEMENT
Title Reseña de la economía de los Estados Unidos /
Statement of responsibility, etc. texto escrito por Robert L. MacCan.
260 ## - PUBLICATION, DISTRIBUTION, ETC. (IMPRINT)
Place of publication, distribution, etc. [México] :
Name of publisher, distributor, etc. Servicio Informativo y Cultural de los Estados Unidos de América, 198?
Date of publication, distribution, etc. [1981?]
300 ## - PHYSICAL DESCRIPTION
Extent 143 p. :
Other physical details il. ;
Dimensions 21 cm.
505 0# - FORMATTED CONTENTS NOTE
Title 1. Perspectiva histórica de la economía Estadounidense.--
-- 2. Como funciona la economía de los Estados Unidos: un repaso.--
-- 3. El pequeño negocio en el sistema de libre empresa de la EUA.--
-- 4. La formación de compañías gigantes.--
-- 5. Valores, mercancías y mercados.--
-- 6. Servicio o protección al consumidor.--
-- 7. El expansivo papel del gobierno.--
-- 8. Dinero, banca y política fiscal.--
-- 9. La importancia cambiante de la agricultura --
-- 10. Aportación de la fuerza laboral --
-- 11. Comercio exterior y política económica --
-- 12. Comentario final.
942 ## - ADDED ENTRY ELEMENTS (KOHA)
Source of classification or shelving scheme Dewey Decimal Classification
Koha item type Libros
945 ## - LOCAL PROCESSING INFORMATION (OCLC)
a Inventariado 2017 /LP
956 ## - LOCAL ELECTRONIC LOCATION AND ACCESS (OCLC)
Host name LOPEREZ
Access number 10
Compression information 20171124
Processor of request 0041
Existencias
Withdrawn status Lost status Source of classification or shelving scheme Damaged status Not for loan Collection code Home library Current library Date acquired Source of acquisition Total Checkouts Barcode Date last seen Price effective from Koha item type
    Dewey Decimal Classification     Colección General Biblioteca Pública Metropolitana Salomé Ureña Biblioteca Pública Metropolitana Salomé Ureña 11/24/2017 FUNDI   BPMSU17110433 11/24/2017 11/24/2017 Libros